000 00442nam a22001577a 4500
005 20240731095804.0
008 240731b |||||||| |||| 00| 0 eng d
082 _a330.0151
_bRAU-L
100 _aAbdul Rauf ,Butt
245 _aLeas Squares Estimation of Econometric Mosels/
_cDr.Abdul Rauf Butt
260 _aLahore;
_bCombine Printers;
_c2003
300 _avii, 217 p.:
_bill;
_c23.6 cm.
650 _aEconomics
999 _c36238
_d36238